000 00315cam a22001217a 4500
008 180718b1959 xxu||||| |||| 00| 0 eng d
082 _aT2 H121
100 _aHagen, Everett E.
245 _aHandbook for industry studies
_cby Everett E. Hagen
260 _aBombay
_bAsia
_c1959
300 _a80p.
650 _aIndustry
999 _c367371
_d367371